Patrones del uso del bosque espinoso seco, en el norte del Valle del Motagua /
Saved in:
| Other Authors: | , , |
|---|---|
| Format: | Book |
| Language: | Spanish |
| Published: |
Ciudad de Guatemala, Guatemala :
Asociación de Investigación y Estudios Sociales (ASIES),
1999.
|
| Series: | Revista ASIES :
1999, 4. |
| Subjects: | |
| Tags: |
Add Tag
No Tags, Be the first to tag this record!
|
| LEADER | 00952nam a22002774a 4500 | ||
|---|---|---|---|
| 001 | 008564470-6 | ||
| 005 | 20030915164908.0 | ||
| 008 | 010807s1999 gt a b 000 0 spa c | ||
| 035 | 0 | |a ocm47728548 | |
| 040 | |a FUG |c FUG | ||
| 042 | |a pcc | ||
| 043 | |a ncgt--- | ||
| 050 | 4 | |a JL1496 |b .A73 1999 no. 4 | |
| 090 | |a SD150.G9 |b P38 1999x | ||
| 245 | 0 | 0 | |a Patrones del uso del bosque espinoso seco, en el norte del Valle del Motagua / |c [Juan Pablo Pira, Celia Marcos, Erwin Garzona]. |
| 260 | |a Ciudad de Guatemala, Guatemala : |b Asociación de Investigación y Estudios Sociales (ASIES), |c 1999. | ||
| 300 | |a 36 p. : |b ill. ; |c 22 cm. | ||
| 490 | 1 | |a Revista ASIES : |v 4, 1999 | |
| 504 | |a Includes bibliographical references. | ||
| 650 | 0 | |a Forest management |z Guatemala |z Motagua River Valley. | |
| 700 | 1 | |a Pira, Juan Pablo. | |
| 700 | 1 | |a Marcos, Celia. | |
| 700 | 1 | |a Garzona, Erwin. | |
| 830 | 0 | |a Revista ASIES : |v 1999, 4. | |
| 988 | |a 20030516 | ||
| 906 | |0 OCLC | ||


